[Event "Titled Tue 24th Jan Late"]
[Site "chess.com INT"]
[Date "2023.01.24"]
[Round "5"]
[White "Steinberg, N."]
[Black "Tristan, L."]
[Result "1-0"]
[WhiteElo "2537"]
[BlackElo "2544"]
[PlyCount "95"]
[EventDate "2023.01.24"]

1. Nf3 d5 2. g3 Nf6 3. Bg2 Bf5 4. O-O e6 5. c4 c6 6. Qb3 Qb6 7. d4 Nbd7 8. Nc3 Be7 9. Nh4 ({RR} 9. c5 Qxb3 10. axb3 O-O 11. b4 a6 12. Nd2 Bc2 13. Nf3 Rac8 14. Bf4 h6 15. h3 g5 16. Bd2 Bg6 17. Rfd1 Ne4 18. Be1 Bf6 19. e3 Bg7 20. h4 f6 21. hxg5 hxg5 22. Bh3 Rce8 23. Nd2 Nxd2 {Mchedlishvili,M (2625)-Zhigalko,S (2656) Sestao 2010 ½-½ (44)}) 9... Bg4 $146 ({RR} 9... Qxb3 10. axb3 Bc2 11. cxd5 exd5 12. Re1 O-O 13. Bg5 Rfe8 14. Bh3 Bxb3 15. Nf5 Bb4 16. Rec1 g6 17. Ne3 Kg7 18. Kf1 Nb6 19. Bg2 a5 20. Bf4 Ne4 21. Bc7 Nd2+ 22. Kg1 Nbc4 23. Bf4 Nxe3 24. Bxe3 {Kesmaecker,P (2220)-Haik,A (2435) France 1991 0-1}) ({RR} 9... Qxb3 10. axb3 Bc2 11. cxd5 Nxd5 12. e4 Nb4 13. d5 Bxb3 14. dxe6 Bxe6 15. Nf5 Bxf5 16. exf5 O-O 17. Rd1 Nc5 18. Bf1 Nb3 19. Rb1 Nxc1 20. Rbxc1 Rfd8 21. Ne4 Kf8 22. h4 Rxd1 23. Rxd1 Rd8 24. Ra1 {Iskusnyh,S (2443)-Pakleza,Z (2505) Chess.com INT 2022 0-1 (57)}) 10. h3 Bh5 11. g4 Bg6 12. Nxg6 hxg6 13. e3 Qc7 14. f4 g5 15. cxd5 cxd5 16. Bd2 gxf4 17. exf4 Qb6 18. Qxb6 Nxb6 19. b3 Rc8 20. Rac1 Ba3 21. Rce1 Kd7 22. Nb5 Rc2 23. Ba5 Rxa2 24. Ra1 Rxa1 25. Rxa1 Bd6 26. Nxd6 Kxd6 27. Bb4+ Kc6 28. Rxa7 Ra8 29. Rxa8 Nxa8 30. Kf2 Ne4+ 31. Ke3 f5 32. g5 g6 33. h4 Kd7 34. Bf3 Nc7 35. h5 gxh5 36. Bxh5 Nb5 37. Bf7 Nbd6 38. g6 Ke7 39. Bg8 Kf6 40. g7 Kxg7 41. Bxe6 Kf6 42. Bxd5 b6 43. Bc6 Ke6 44. d5+ Kf6 45. Ba3 Kf7 46. Kd4 Kf6 47. Bd7 Nd2 48. Bxd6 1-0

[Event "Titled Tue 24th Jan Late"]
[Site "chess.com INT"]
[Date "2023.01.24"]
[Round "6"]
[White "Yu Yangyi"]
[Black "Makarian, Rudik"]
[Result "1-0"]
[WhiteElo "2729"]
[BlackElo "2562"]
[PlyCount "61"]
[EventDate "2023.01.24"]

1. Nf3 Nf6 2. g3 b5 3. d3 ({RR} 3. e3 a6 4. Bg2 Bb7 5. O-O g6 6. b3 Bg7 7. Bb2 O-O 8. d4 d6 9. Nbd2 Nbd7 10. Qe2 c5 11. c4 Ne4 12. Nxe4 Bxe4 13. cxb5 axb5 14. Qxb5 Ra7 15. Qe2 Qa8 16. Bc3 Nb6 17. dxc5 Bxc3 {Caruana,F (2827)-Carlsen,M (2840) Chess.com INT 2017 ½-½ (86)}) 3... Bb7 4. e4 e6 ({RR} 4... d6 5. Na3 a6 6. c4 c6 7. Bg2 Nbd7 8. O-O g6 9. Bd2 Bg7 10. Re1 O-O 11. b4 Ng4 12. d4 e5 13. h3 Ngf6 14. dxe5 dxe5 15. Qc2 Qe7 16. Bc3 a5 17. c5 axb4 18. Bxb4 Nb8 19. Rac1 {Zatonskih,A (2315)-Krush,I (2378) Saint Louis USA 2025 1-0 (32)}) 5. a4 $146 ({RR} 5. Bg2 c5 6. e5 Ng8 7. O-O Be7 8. a4 a6 9. Na3 b4 10. Nc4 d5 11. exd6 Bxd6 12. d4 Bd5 13. Nxd6+ Qxd6 14. Bf4 Qe7 15. dxc5 Qxc5 16. c4 bxc3 17. Rc1 Ne7 18. Rxc3 Qb6 19. Be3 Qb7 {Martinkus,R (2297)-Sharevich,A (2305) Panevezys 2007 ½-½}) ({RR} 5. Bg2 d5 6. exd5 Nxd5 7. O-O b4 8. c4 Nf6 9. a3 a5 10. axb4 axb4 11. Rxa8 Bxa8 12. Ne5 Bxg2 13. Kxg2 Bd6 14. Qa4+ Ke7 15. d4 c5 16. Nf3 Qd7 17. Qd1 Qb7 18. d5 exd5 19. Re1+ Kf8 {Bosiocic,M (2555)-Makarian,R (2550) chess.com INT 2024 0-1 (64)}) 5... b4 6. a5 c5 7. Bg2 d6 8. c3 bxc3 9. bxc3 Be7 10. O-O O-O 11. Nbd2 Ba6 12. e5 Nd5 13. c4 Nb4 14. exd6 Bxd6 15. Ne4 Be7 16. Ra3 Nd7 17. Bf4 h6 18. h4 Bb7 19. Qe2 Nf6 20. Ne5 Nxe4 21. Bxe4 Qc8 22. Rb1 Bf6 23. Qf3 Bxe4 24. dxe4 Nc2 25. Rd3 Nd4 26. Qg4 Kh7 27. Qh5 Bxe5 28. Bxe5 Qd7 29. a6 Qc6 30. Qg4 f6 31. Rb7 1-0

[Event "Titled Tue 24th Jan Late"]
[Site "chess.com INT"]
[Date "2023.01.24"]
[Round "6"]
[White "Nakamura, Hi"]
[Black "Tari, A."]
[Result "1-0"]
[WhiteElo "2768"]
[BlackElo "2653"]
[PlyCount "93"]
[EventDate "2023.01.24"]

1. Nf3 Nf6 2. b3 d5 3. Bb2 Bf5 4. g3 h6 5. Bg2 e6 6. d3 Be7 7. Ne5 O-O 8. O-O Bh7 9. Nd2 a5 10. a3 $146 ({RR} 10. a4 Nfd7 11. Nxd7 Nxd7 12. e4 c6 13. Qe2 Qc7 14. d4 Nf6 15. e5 Nd7 16. c4 Bb4 17. Rfc1 Nb6 18. Nf1 Rfd8 19. Ne3 Qe7 20. c5 Nd7 21. Nc2 Bxc2 22. Rxc2 Rdc8 23. Rac1 Rab8 24. Qe3 b6 {Nakamura,H (2736)-Xiong,J (2686) Chess.com INT 2022 0-1 (38)}) 10... Nbd7 11. e4 c6 12. Nxd7 Nxd7 13. Qe2 Re8 14. f4 a4 15. b4 c5 16. b5 Bf6 17. e5 Be7 18. c4 Nb6 19. Rfd1 Qc7 20. Nf1 Rad8 21. Ne3 dxc4 22. dxc4 Rxd1+ 23. Rxd1 Rd8 24. Bc3 Rd7 25. Rd2 Nc8 26. Qd1 Rxd2 27. Qxd2 b6 28. Bf3 Qd8 29. Qxd8+ Bxd8 30. Bd1 Bd3 31. Bxa4 g5 32. Bc2 gxf4 33. Bxd3 fxe3 34. Kf1 h5 35. Ke2 Bg5 36. h4 Bh6 37. a4 Kf8 38. Be4 Ke8 39. Bf3 Ne7 40. Be4 Kd7 41. Kf3 Nf5 42. Bxf5 exf5 43. a5 bxa5 44. Bxa5 Bg7 45. Bc3 Ke6 46. b6 Kd7 47. e6+ 1-0

[Event "Titled Tue 24th Jan Late"]
[Site "chess.com INT"]
[Date "2023.01.24"]
[Round "7"]
[White "Kazakouski, Valery"]
[Black "Yoo, Christopher Woojin"]
[Result "1-0"]
[WhiteElo "2539"]
[BlackElo "2584"]
[PlyCount "151"]
[EventDate "2023.01.24"]

1. Nf3 c5 2. c4 Nc6 3. b3 e5 4. Bb2 d6 5. g3 g6 6. Bg2 Bg7 7. O-O Nge7 8. e3 O-O 9. Nc3 f5 10. d3 h6 11. a3 $146 ({RR} 11. Qe2 g5 12. Nd2 f4 13. Nd5 Nxd5 14. Bxd5+ Kh8 15. Qh5 Bf5 16. Be4 Qd7 17. Bxf5 Qxf5 18. Ne4 Rad8 19. gxf4 gxf4 20. Qxf5 Rxf5 21. Bc3 b6 22. a3 d5 23. cxd5 Rxd5 24. Rad1 Rf7 25. Rd2 Ne7 {Caletka,R (2337)-Babula,V (2556) Czech Republic 2018 0-1 (39)}) 11... Be6 12. Nd2 d5 13. cxd5 Nxd5 14. Nc4 Nxc3 15. Bxc3 Bd5 16. Bxd5+ Qxd5 17. e4 fxe4 18. dxe4 Qxe4 19. Nd6 Qf3 20. Qc2 Rad8 21. Nxb7 Rd3 22. Rac1 Nd4 23. Bxd4 cxd4 24. Nc5 Rc3 25. Qd1 Rxc1 26. Qxc1 e4 27. Qc4+ Rf7 28. Qd5 e3 29. Qxf3 Rxf3 30. fxe3 Rxe3 31. Rd1 Rc3 32. Ne6 d3 33. Nf4 g5 34. Nxd3 Rxb3 35. a4 Bd4+ 36. Kf1 Ra3 37. Ne1 Rxa4 38. Nf3 Bf6 39. Rd7 a5 40. h3 Ra3 41. Kg2 Ra2+ 42. Kf1 a4 43. Ra7 a3 44. g4 Kf8 45. Ne1 Bd4 46. Ra8+ Ke7 47. Nd3 Ra1+ 48. Ke2 Bb2 49. Ra6 Kd7 50. Nc5+ Kc7 51. Kd3 Rd1+ 52. Kc4 Rc1+ 53. Kb5 Kd8 54. Ra8+ Ke7 55. Ra6 Kf7 56. Ne4 Ke7 57. Ng3 Re1 58. Nf5+ Kd7 59. Ra7+ Kc8 60. Nd6+ Kb8 61. Rb7+ Ka8 62. Rb6 Re5+ 63. Kc6 Bd4 64. Ra6+ Kb8 65. Rxa3 Rc5+ 66. Kd7 Rc7+ 67. Ke6 Bc5 68. Rb3+ Ka8 69. Nb5 Rb7 70. Kd5 Be7 71. Kc6 Kb8 72. Re3 Ka8 73. Re6 Kb8 74. Rxh6 Bd8 75. Rh8 Rb6+ 76. Kc5 1-0

[Event "Titled Tue 24th Jan Late"]
[Site "chess.com INT"]
[Date "2023.01.24"]
[Round "8"]
[White "Nakamura, Hi"]
[Black "Yu Yangyi"]
[Result "1-0"]
[WhiteElo "2768"]
[BlackElo "2729"]
[PlyCount "111"]
[EventDate "2023.01.24"]

1. Nf3 d5 2. e3 Nf6 3. c4 e6 4. d4 Bd6 5. Nc3 O-O 6. c5 ({RR} 6. Bd3 b6 7. cxd5 exd5 8. O-O c5 9. Ne5 Re8 10. f4 Ba6 11. Bxa6 Nxa6 12. Bd2 Nc7 13. Be1 cxd4 14. exd4 Ne4 15. Qf3 Nxc3 16. Bxc3 f6 17. Ng4 Qd7 18. f5 Re4 19. Rae1 Rae8 20. g3 a5 {Caruana,F (2796)-Firouzja,A (2744) chess.com INT 2024 1-0 (68)}) ({RR} 6. b3 c5 7. Bd3 cxd4 8. Nxd4 Bb4 9. Bb2 e5 10. Nc2 Bg4 11. f3 Bxc3+ 12. Bxc3 d4 13. exd4 exd4 14. Nxd4 Re8+ 15. Kf2 Bd7 16. Re1 Nc6 17. Rxe8+ Bxe8 18. Nxc6 Bxc6 19. Bf5 Qe7 20. Qd4 Rd8 {Thorsteinsdottir,H (2003)-Unat,C (2273) chess.com INT 2025 0-1 (49)}) 6... Be7 7. b4 b6 8. a3 $146 ({RR} 8. Rb1 a5 9. a3 axb4 10. axb4 bxc5 11. bxc5 c6 12. Bd3 Nbd7 13. O-O e5 14. dxe5 Ng4 15. Nd4 Ndxe5 16. Be2 Qd7 17. f4 Nc4 18. Bxg4 Qxg4 19. Nxc6 Bxc5 20. Qxg4 Bxg4 21. Nxd5 Bd7 22. Nd4 Rfd8 {Kramnik,V (2753)-Bluebaum,M (2663) chess.com INT 2023 ½-½ (54)}) ({RR} 8. Bb2 c6 9. a3 Qc7 10. Bd3 Ba6 11. Ne5 Bxd3 12. Nxd3 Nbd7 13. O-O a5 14. Qc2 Qb7 15. h3 h6 16. Rfb1 axb4 17. axb4 Rxa1 18. Rxa1 Ra8 19. Rxa8+ Qxa8 20. Qa4 Qxa4 21. Nxa4 b5 22. Nc3 Ne4 {Andreikin,D (2729)-Yu Yangyi (2729) chess.com INT 2023 1-0 (50)}) 8... c6 9. Bd3 Ba6 10. O-O Qc7 11. Bxa6 Nxa6 12. Qd3 Nb8 13. Bd2 Nbd7 14. Rfc1 bxc5 15. bxc5 e5 16. Qf1 e4 17. Ne1 Ng4 18. g3 h5 19. Rab1 Rfb8 20. Nc2 Nf8 21. Nb4 Qd7 22. Qa6 Rc8 23. Qe2 Nh7 24. f3 exf3 25. Qxf3 Ng5 26. Qe2 Re8 27. Rf1 Bf6 28. Nc2 Re7 29. Qd3 Rae8 30. Qf5 Re6 31. Kg2 g6 32. Qf4 Nh7 33. h4 Bg7 34. Rb8 Bh6 35. Rxe8+ Qxe8 36. Qf3 Bxe3 37. Be1 Nhf6 38. Nd1 Bh6 39. Bf2 Ne4 40. Be1 Nef6 41. Bf2 Qb8 42. Nde3 Qb2 43. Nxg4 Nxg4 44. Nb4 Ne3+ 45. Kg1 Nxf1 46. Kxf1 a5 47. Nd3 Qc2 48. Ne5 Bg7 49. Qxf7+ Kh7 50. Qxe6 Qb1+ 51. Kg2 Qe4+ 52. Kg1 Qb1+ 53. Kh2 Qc2 54. Qf7 Kh6 55. Nxc6 Qe4 56. Ne7 1-0

[Event "Titled Tue 24th Jan Late"]
[Site "chess.com INT"]
[Date "2023.01.24"]
[Round "8"]
[White "Dubov, Daniil"]
[Black "Mikaelyan, A."]
[Result "1-0"]
[WhiteElo "2708"]
[BlackElo "2504"]
[PlyCount "151"]
[EventDate "2023.01.24"]

1. Nf3 {Finkel,Alexander} Nf6 2. g3 g6 3. Bg2 Bg7 4. O-O O-O 5. d4 d5 6. Bf4 a5 ({RR} 6... Nh5 7. Be3 c6 8. Qc1 Re8 9. Bh6 ({RR} 9. Nbd2 Nd7 10. c4 e5 11. cxd5 cxd5 12. dxe5 Nxe5 13. Nxe5 Bxe5 14. Nf3 Bg7 15. Nd4) 9... Bg4 ({RR} 9... Bh8 10. c4 Be6 11. Rd1 Bg4 12. h3 Bxf3 13. Bxf3 Nf6 14. Nc3 e6 15. b3 Nbd7) 10. Bxg7 Nxg7 11. c4 Na6 ({RR} 11... Bxf3 12. Bxf3 e6 13. Nd2 Nd7 14. Qc3 Nf6) 12. Nbd2 Rc8 13. Qc3 Nf5 14. Rfe1 Nd6 ({RR} 14... Bxf3 15. Nxf3 Nc7 16. c5 e6 17. e3) 15. c5 Nb5 16. Qe3 f6 17. Rac1 ({RR} 17. h3 Bd7 18. a4 Nbc7 19. Qc3) 17... Qa5 18. a3 b6 19. Nb3 Qa4 20. cxb6 ({RR} 20. h3 Bxf3 21. Qxf3 ({RR} 21. Bxf3 bxc5) 21... Nxd4 22. Nxd4 Qxd4 23. cxb6 axb6 24. e4) 20... axb6 21. Nfd2 {Votava,J (2542)-Bauer,C (2641) Gothenburg 2005 CBM 109 [Finkel,Alexander] 1-0 (68)}) 7. Qc1 $146 ({RR} 7. Nc3 a4 8. a3 Bf5 9. Ne5 c6 10. Re1 Qb6 11. Rb1 Rd8 12. Qd2 Nbd7 13. h3 Nh5 14. Nxd7 Rxd7 15. e3 Nxf4 16. gxf4 h5 17. Na2 c5 18. dxc5 Qxc5 19. Nb4 Rad8 20. Nd3 Qc8 21. Rbc1 Rc7 {Petriashvili,N (2479)-Mikaelyan,A (2474) Yerevan 2019 1-0 (73)}) ({RR} 7. Nbd2 c5 8. dxc5 Nc6 9. c4 d4 10. Be5 Nxe5 11. Nxe5 Qc7 12. Nd3 Nd7 13. a3 a4 14. b4 axb3 15. Nxb3 Ne5 16. Qc2 Bd7 17. Nd2 Nxd3 18. exd3 Qxc5 19. Qb2 Bf5 20. Ne4 Qc7 21. Rfb1 Ra7 {Bodrogi,B (2353)-Agasarov,B (2387) Prague CZE 2024 ½-½}) 7... a4 8. Rd1 Bf5 9. c4 c6 10. Bh6 Nbd7 11. Nc3 dxc4 12. Bxg7 Kxg7 13. Nh4 Be6 14. e4 Nb6 15. h3 Qc7 16. a3 Rfd8 17. Qe3 Bc8 18. Rac1 Ra5 19. f4 Nh5 20. Kh2 Kg8 21. Rd2 Nf6 22. Rcd1 Nh5 23. Nf3 Ng7 24. Ne5 f6 25. Nf3 Nh5 26. Qf2 Be6 27. Ng1 Bf7 28. Nge2 Ng7 29. Kg1 h5 30. Qe3 Nc8 31. g4 Nd6 32. Bf3 hxg4 33. hxg4 Nb5 34. e5 f5 35. g5 Ne6 36. d5 Nxc3 37. Nxc3 Nc5 38. d6 exd6 39. Rxd6 Ne6 40. Kf2 Rxd6 41. Rxd6 Ra8 42. Qd2 Rd8 43. Nxa4 Rxd6 44. exd6 Qd8 45. Be2 b5 46. Nc3 Nc5 47. Qd4 Ne6 48. Qe5 Qb6+ 49. Qe3 Qd8 50. Qe5 Qb6+ 51. Kg2 Qd8 52. Bf3 Ng7 53. Bxc6 Ne6 54. Bd5 Qd7 55. Kg3 Ng7 56. Bxf7+ Kxf7 57. Nd5 Ne8 58. Qe7+ Qxe7 59. dxe7 Ke6 60. Nc3 Kxe7 61. Nxb5 Ke6 62. Kf3 Kd5 63. Ke3 Kc5 64. Nc3 Nc7 65. Ke2 Kd4 66. a4 Kc5 67. Ke3 Kb4 68. Kd4 Kb3 69. Nd5 Na6 70. a5 Kxb2 71. Kxc4 Kc2 72. Ne7 Kd2 73. Nxg6 Ke3 74. Ne7 Kxf4 75. g6 Nc7 76. g7 1-0

[Event "Titled Tue 24th Jan Late"]
[Site "chess.com INT"]
[Date "2023.01.24"]
[Round "9"]
[White "Yu Yangyi"]
[Black "Tang, Andrew"]
[Result "1-0"]
[WhiteElo "2729"]
[BlackElo "2531"]
[PlyCount "123"]
[EventDate "2023.01.24"]

1. Nf3 d5 2. g3 e6 3. Bg2 Nf6 4. O-O Be7 5. d4 O-O 6. c4 dxc4 7. Qa4 a6 8. Qxc4 b5 9. Qc2 Bb7 10. Bd2 Ra7 11. Rc1 Be4 12. Qd1 Bxf3 13. Bxf3 Qxd4 14. a4 b4 ({RR} 14... Rd8 15. Qc2 Nd5 16. axb5 axb5 17. Rxa7 Qxa7 18. Bxd5 Rxd5 19. Qxc7 Qxc7 20. Rxc7 Nd7 21. Be3 Rd1+ 22. Kg2 Rxb1 23. Rxd7 Bf6 24. Rb7 h6 25. Rxb5 Rxb2 26. Rxb2 Bxb2 27. g4 f5 28. f3 Kf7 29. h3 {Nepomniachtchi,I (2779)-Caruana,F (2782) Zagreb CRO 2023 ½-½ (32)}) 15. Be3 $146 ({RR} 15. Qb3 Nd5 16. e4 Nb6 17. Be3 Qf6 18. Nd2 a5 19. h4 h6 20. Bg2 N8d7 21. f4 c5 22. e5 Qg6 23. Bf2 h5 24. Be4 Qg4 25. Nf3 c4 26. Qc2 Bc5 27. Kg2 Nd5 28. Bxd5 exd5 29. Rd1 b3 {Sjugirov,S (2692)-Tang,A (2505) chess.com INT 2024 0-1 (71)}) 15... Qxd1+ 16. Rxd1 c5 17. Nd2 Nd5 18. Nc4 Nxe3 19. Nxe3 Nd7 20. Nc4 Bf6 21. Rac1 Ne5 22. b3 Nxc4 23. Rxc4 Be7 24. e3 a5 25. Rc2 g6 26. Be2 Rd8 27. Rxd8+ Bxd8 28. Rxc5 Bf6 29. Bc4 Kg7 30. Kg2 Be7 31. Rb5 h5 32. f4 Kf6 33. Kf3 Bd8 34. h3 Ke7 35. g4 hxg4+ 36. hxg4 Rd7 37. Rb8 Ra7 38. e4 Bc7 39. Rb5 Bd8 40. e5 Rd7 41. Ke4 Rd1 42. Rb7+ Kf8 43. Rb8 Kg7 44. Rb7 Kf8 45. Kf3 Rd4 46. f5 gxf5 47. gxf5 exf5 48. Rxf7+ Ke8 49. e6 Be7 50. Rxf5 Bd6 51. Rxa5 Rf4+ 52. Ke3 Rh4 53. Rb5 Ke7 54. Rb7+ Kf6 55. a5 Bc5+ 56. Kf3 Rh3+ 57. Kg4 Rh8 58. a6 Ra8 59. Kf4 Ra7 60. Rf7+ Rxf7 61. exf7 Ke7 62. Ke5 1-0

[Event "Airthings Masters Div 1 W"]
[Site "chess.com INT"]
[Date "2023.02.06"]
[Round "1.2"]
[White "Nakamura, Hi"]
[Black "Gukesh, D."]
[Result "1-0"]
[WhiteElo "2768"]
[BlackElo "2718"]
[PlyCount "119"]
[EventDate "2023.02.06"]

1. Nf3 d5 2. g3 c6 3. Bg2 Bg4 4. h3 Bh5 5. d3 Nf6 6. Nbd2 Nbd7 7. g4 Bg6 8. Nh4 e5 ({RR} 8... e6 9. e3 Bd6 10. Qe2 Qc7 11. O-O O-O-O 12. f4 h6 13. Nxg6 fxg6 14. Nf3 e5 15. Nh4 exf4 16. exf4 Rhe8 17. Qf2 Bc5 18. d4 Bb6 19. b4 Ne4 20. Bxe4 Rxe4 21. c3 Rde8 22. Nxg6 c5 23. bxc5 {Morozevich,A (2755)-Kramnik,V (2785) Moscow 2007 0-1 (38)}) 9. e3 Bd6 ({RR} 9... Be7 10. Qe2 Qc7 11. a3 O-O-O 12. b4 Kb8 13. O-O e4 14. Bb2 Bd6 15. Rfd1 Bh2+ 16. Kf1 Rhe8 17. Nxg6 fxg6 18. dxe4 dxe4 19. g5 Nh5 20. Nxe4 Be5 21. Bxe5 Qxe5 22. Kg1 h6 23. b5 cxb5 24. Nd6 {Duda,J (2733)-Tabatabaei,M (2712) Almaty KAZ 2024 1-0 (43)}) 10. b3 ({RR} 10. a3 Qe7 11. b3 O-O-O 12. Bb2 Kb8 13. b4 Nb6 14. Rb1 d4 15. e4 Ne8 16. Nf5 Bxf5 17. exf5 g6 18. Qf3 gxf5 19. Qxf5 Ng7 20. Qf3 Ne6 21. Ne4 Nf4 22. Bc1 Nbd5 23. Ng3 Qe6 24. b5 Nxg2+ {Nakamura,H (2768)-Rasulov,V (2513) chess.com INT 2023 1-0 (53)}) 10... a5 $146 ({RR} 10... Qe7 11. Bb2 O-O 12. a3 h6 13. e4 Nc5 14. Nf5 Qc7 15. Nxd6 Qxd6 16. f4 exf4 17. e5 Qe7 18. O-O Nfd7 19. Rxf4 Bxd3 20. cxd3 Nxd3 21. Rf2 Qc5 22. Qe2 Nxf2 23. Qxf2 Qxf2+ 24. Kxf2 Rfe8 25. Re1 {Bukhman,E (2430)-Arbakov,V (2450) Warsaw 1992 ½-½ (51)}) 11. a3 Nf8 12. Bb2 Ne6 13. Qe2 Qc7 14. c4 O-O 15. Nxg6 hxg6 16. h4 Rfe8 17. g5 Nf4 18. Qf1 Nxg2+ 19. Qxg2 Nh5 20. cxd5 cxd5 21. Rc1 Qe7 22. Qxd5 Bxa3 23. Bxa3 Qxa3 24. Qc5 Qxc5 25. Rxc5 a4 26. Ke2 axb3 27. Rb1 Ra4 28. Rxb3 Rxh4 29. Rxb7 Rg4 30. Ne4 f5 31. gxf6 gxf6 32. Rcc7 Rg1 33. Nd6 Ra8 34. Nf7 Ng7 35. Rc6 Nf5 36. Rxf6 Rf8 37. Kf3 Kg7 38. Ng5+ Kxf6 39. Nh7+ Ke6 40. Nxf8+ Kf6 41. Rb6+ Kg7 42. Nd7 Nh4+ 43. Ke4 Rg4+ 44. Kxe5 Nf3+ 45. Ke6 Rg2 46. Rb2 Ng5+ 47. Ke5 Nh3 48. Nf6 Rxf2 49. Rb7+ Kf8 50. e4 Nf4 51. d4 Nd3+ 52. Ke6 Nf4+ 53. Kd6 Ne2 54. Nd7+ Kg7 55. d5 Nc3 56. Nc5+ Kh6 57. Ke5 g5 58. d6 Rd2 59. d7 g4 60. Rb6+ 1-0

[Event "Airthings Masters Div 2 W"]
[Site "chess.com INT"]
[Date "2023.02.06"]
[Round "1.3"]
[White "Yakubboev, Nodirbek"]
[Black "Bluebaum, M."]
[Result "1-0"]
[WhiteElo "2630"]
[BlackElo "2663"]
[PlyCount "57"]
[EventDate "2023.02.06"]

1. Nf3 d5 2. g3 Nf6 3. Bg2 e6 4. O-O Bd6 5. d4 O-O 6. b3 c5 7. Bb2 Nc6 8. e3 ({RR} 8. Nbd2 cxd4 9. Nxd4 Nxd4 10. Bxd4 e5 11. Bb2 Be6 12. c4 Qe7 13. cxd5 Bxd5 14. Bxd5 Nxd5 15. Nc4 b5 16. Nxd6 Qxd6 17. e4 {1-0 (17) Trifonov,D (2163)-Nayem,H (2180) chess.com INT 2025}) ({RR} 8. Nbd2 cxd4 9. Nxd4 e5 10. Nxc6 bxc6 11. e3 Qe7 12. a3 a5 13. c4 Rb8 14. Qc2 h5 15. h4 Bg4 16. Qc3 Qa7 17. b4 axb4 18. axb4 Qb6 19. b5 Rfc8 20. Ra6 Qb7 21. Qa5 Bc7 22. Qa2 Be2 {Alonso Rosell,A (2562)-Bluebaum,M (2649) chess.com INT 2024 ½-½ (61)}) 8... b6 9. Ne5 Bb7 10. Nd2 Qc7 $146 ({RR} 10... Rc8 11. a3 Be7 12. f4 Nxe5 13. fxe5 Nd7 14. Nf3 Qc7 15. c3 a5 16. Rc1 b5 17. Rf2 Nb6 18. Nd2 Qd7 19. Bf1 b4 20. cxb4 axb4 21. axb4 cxb4 22. Bd3 f5 23. exf6 Rxf6 24. Rxc8+ Bxc8 25. Nf3 {Vakhania,A-Melia,S Tbilisi 2000 ½-½ (33)}) 11. Nxc6 Bxc6 12. dxc5 Bxc5 13. Bxf6 gxf6 14. c4 dxc4 15. Qg4+ Kh8 16. Qxc4 Bxg2 17. Kxg2 Qb7+ 18. e4 Rfd8 19. Nf3 Rac8 20. Qe2 b5 21. Rfd1 Ba3 22. h4 a6 23. h5 h6 24. Qe3 Kg7 25. Qf4 Qb8 26. e5 Be7 27. Rxd8 Rxd8 28. Rc1 Qb7 29. Rc7 1-0

[Event "Titled Tue 31st Jan Early"]
[Site "chess.com INT"]
[Date "2023.01.31"]
[Round "3"]
[White "Nakamura, Hi"]
[Black "Bartel, Mat"]
[Result "1-0"]
[WhiteElo "2768"]
[BlackElo "2615"]
[PlyCount "107"]
[EventDate "2023.01.31"]

1. Nf3 d5 2. g3 Bf5 3. Bg2 e6 4. Nh4 ({RR} 4. c4 c6 5. cxd5 exd5 6. O-O Na6 7. d3 Nf6 8. Nc3 Be7 9. Qc2 d4 10. Ne4 O-O 11. Bf4 Nxe4 12. dxe4 Nb4 13. Qb1 Bg6 14. Ne5 c5 15. Nxg6 hxg6 16. e5 Qb6 17. Qe4 Rab8 18. a3 Nc6 {Bocharov,D (2558)-Savchenko,B (2612) Minsk 2015 ½-½ (60)}) ({RR} 4. O-O h6 5. c4 c6 6. Qb3 Qb6 7. d3 Nf6 8. Qc2 Be7 9. cxd5 exd5 10. Nc3 Bh7 11. e4 O-O 12. Be3 Qa6 13. Rfd1 Nbd7 14. h3 Rfd8 15. exd5 {½-½ (15) Dubkov,A (2307)-Krilovs,N (2112) Vecindario ESP 2025}) 4... Bg4 5. d3 $146 ({RR} 5. h3 Bh5 6. c4 c6 7. d4 Be7 8. Nf3 Nf6 9. Nc3 Nbd7 10. O-O dxc4 11. Qc2 Bg6 12. e4 Nb6 13. Rd1 Nbd5 14. Ne5 Nb6 15. Qe2 Bb4 16. Bg5 Qc7 17. Rac1 Bh5 18. g4 Bg6 19. Bf4 Qe7 {Iliesco,J-Czerniak,M Mar del Plata 1943 1-0 (40)}) 5... Be7 6. h3 Bh5 7. g4 Bxh4 8. gxh5 h6 9. Nd2 Nc6 10. c4 Nge7 11. e3 Nf5 12. O-O dxc4 13. d4 O-O 14. Nxc4 Bf6 15. Qg4 Nfe7 16. Kh1 a5 17. Rd1 a4 18. Bd2 Kh8 19. Bc3 Nd5 20. e4 Nxc3 21. bxc3 Na5 22. Ne3 Bh4 23. f4 b5 24. e5 Rb8 25. d5 Qe7 26. dxe6 fxe6 27. Be4 g5 28. hxg6 Kg7 29. f5 exf5 30. Nxf5+ Rxf5 31. Qxf5 Rf8 32. Rd7 Rxf5 33. Rxe7+ Bxe7 34. Bxf5 Nc4 35. Bd3 Nxe5 36. Bxb5 a3 37. Re1 Bd6 38. Be8 Nd3 39. Re3 Nf4 40. h4 h5 41. Bf7 Kf6 42. Re8 Nxg6 43. Bxg6 Kxg6 44. Kg2 Kf5 45. Kf3 Be5 46. c4 Bf6 47. Ra8 Bxh4 48. Ra5+ Ke6 49. Rxa3 Be7 50. Ra5 c5 51. Ke4 h4 52. Ra8 Bf6 53. Ra6+ Kf7 54. Kf5 1-0

[Event "Titled Tue 31st Jan Early"]
[Site "chess.com INT"]
[Date "2023.01.31"]
[Round "5"]
[White "Andreikin, D."]
[Black "Halkias, S."]
[Result "1-0"]
[WhiteElo "2729"]
[BlackElo "2516"]
[PlyCount "107"]
[EventDate "2023.01.31"]

1. Nf3 d5 2. g3 Nf6 3. Bg2 e6 4. O-O Be7 5. d3 O-O 6. a4 a5 7. Bf4 Nc6 ({RR} 7... Bd6 8. Bxd6 Qxd6 9. Nc3 e5 10. e4 d4 11. Nb5 Qe7 12. c3 dxc3 13. bxc3 Rd8 14. Qc2 Ra6 15. d4 exd4 16. e5 Nd5 17. Nfxd4 Rh6 18. Rfe1 Nc6 19. Rad1 Nxd4 20. Nxd4 c6 21. e6 Bxe6 22. c4 {Andreikin,D (3098)-Makarian,R (2927) Chess.com 2024 1-0 (39)}) ({RR} 7... Bd6 8. Bxd6 Qxd6 9. Nc3 e5 10. e4 d4 11. Nb5 Qe7 12. c3 dxc3 13. bxc3 Rd8 14. Qc2 Ra6 15. d4 exd4 16. e5 Nd5 17. Nfxd4 Rh6 18. Rfe1 Nc6 19. Rad1 Nxd4 20. Nxd4 c6 21. e6 Bxe6 22. c4 {Andreikin,D (2729)-Makarian,R (2525) chess.com INT 2024 1-0 (39)}) 8. Nc3 Nd7 $146 ({RR} 8... d4 9. Nb5 Nd5 10. Bd2 e5 11. c3 Bf6 12. Rc1 Be6 13. cxd4 exd4 14. Rxc6 bxc6 15. Nbxd4 Bd7 16. Qc2 c5 17. Qxc5 Bxa4 18. Ra1 Nb6 19. Bc3 Qd6 20. Qh5 Bd7 21. Ng5 Bxg5 22. Qxg5 f6 23. Qf4 {Leyva,H (2296)-Jimenez Fernandez,R (2097) Linares ESP 2024 ½-½ (69)}) ({RR} 8... Bd6 9. Bxd6 cxd6 10. e4 d4 11. Nb5 e5 12. Nd2 Bg4 13. f3 Be6 14. f4 Na7 15. Na3 Ng4 16. Ndc4 Bxc4 17. Qxg4 Ba6 18. Qh5 Nc6 19. Rf2 Qe8 20. Bh3 Nb4 21. b3 b6 22. Raf1 f6 23. Qd1 {Zhemailov,A (2130)-Tarnopolsky,A (2298) Israel ISR 2025 ½-½ (52)}) 9. e4 d4 10. Nb5 e5 11. Bd2 Nc5 12. Ne1 f5 13. exf5 Bxf5 14. Qb1 Qd7 15. Nf3 Bh3 16. Bxh3 Qxh3 17. Qd1 Bd6 18. Ng5 Qf5 19. Qe2 Nb4 20. Ne4 Nxe4 21. dxe4 Qg6 22. c3 d3 23. Qe3 Nc2 24. Qxd3 Nxa1 25. Rxa1 Kh8 26. Be3 Rf3 27. Nxd6 cxd6 28. Rd1 Rf6 29. Qd5 Raf8 30. Qxb7 h5 31. h4 Qg4 32. Rd2 Rf3 33. Kh2 Rxe3 34. fxe3 Rf1 35. Qb8+ Kh7 36. Qxd6 Qxe4 37. Rg2 Qb1 38. g4 Rh1+ 39. Kg3 Qe1+ 40. Kf3 Qf1+ 41. Kg3 Qe1+ 42. Kf3 Qf1+ 43. Kg3 hxg4 44. Qd5 Qe1+ 45. Kxg4 Qxh4+ 46. Kf5 Qf6+ 47. Ke4 Re1 48. Rh2+ Kg6 49. Rg2+ Kh7 50. Kd3 Qf1+ 51. Kc2 Rc1+ 52. Kb3 Rd1 53. Qe4+ Kh6 54. Qg6# 1-0